Подробности
| 000 -МАРКЕР |
| контрольное поле |
02631nam0a22005291 4500 |
| 001 - ИДЕНТИФИКАТОР ЗАПИСИ |
| контрольное поле |
v19\rc\2110017 |
| 005 - ИДЕНТИФИКАТОР ВЕРСИИ |
| контрольное поле |
20240301143702.0 |
| 035 ## - ДРУГИЕ СИСТЕМНЫЕ НОМЕРА |
| Идентификатор записи |
(NLR Aleph) 005181476 |
| 100 ## - ДАННЫЕ ОБЩЕЙ ОБРАБОТКИ |
| Данные общей обработки |
20090914d1822 m||y0rusy50 ca |
| 101 1# - ЯЗЫК РЕСУРСА |
| Язык текста, звукозаписи и т.д. |
русский |
| Язык оригинала |
французский |
| 102 ## - СТРАНА ПУБЛИКАЦИИ ИЛИ ПРОИЗВОДСТВА |
| Страна публикации |
Российская Федерация |
| 135 ## - ПОЛЕ КОДИРОВАННЫХ ДАННЫХ: ЭЛЕКТРОННЫЕ РЕСУРСЫ |
| Кодированные данные для электронного ресурса |
crcn 024anaba |
| 140 ## - ПОЛЕ КОДИРОВАННЫХ ДАННЫХ: СТАРОПЕЧАТНЫЕ ИЗДАНИЯ - ОБЩАЯ ИНФОРМАЦИЯ |
| Кодированные данные о старопечатном издании - Основные |
y y cayaa0000 |
| 200 1# - ЗАГЛАВИЕ И СВЕДЕНИЯ ОБ ОТВЕТСТВЕННОСТИ |
| Основное заглавие |
Англичанка в серале, или Опасное любопытство, |
| Сведения, относящиеся к заглавию |
комедия-водевиль в 1 действии, |
| Первые сведения об ответственности |
переделанная с французскаго М.А. Яковлевым |
| 210 ## - ПУБЛИКАЦИЯ, РАСПРОСТРАНЕНИЕ И ДР. |
| Место издания, распространения и т.д. |
Санктпетербург |
| Имя издателя, распространителя и т. д. |
в типографии Карла Крайя |
| Дата издания, распространения и т.д. |
1822 |
| 215 ## - ФИЗИЧЕСКАЯ ХАРАКТЕРИСТИКА |
| Специфическое обозначение материала и объем |
63, [1] с. |
| Размеры |
8° |
| 300 ## - ОБЩИЕ ПРИМЕЧАНИЯ |
| Текст примечания |
Ценз.: В.И.Соц, 19 июня 1822 г. |
| 300 ## - ОБЩИЕ ПРИМЕЧАНИЯ |
| Текст примечания |
С.43 ошибочно помечена: 34 |
| 316 ## - ПРИМЕЧАНИЯ ОБ ОСОБЕННОСТЯХ ЭКЗЕМПЛЯРА |
| Текст примечания |
Экз. РНБ (18.168.2.77) в изд. обл. На 1-й с. обл. ярлык с шифром РНБ. На 2-й с. обл. пуслой ярлык. Размер: 20,8х12,5х0,7 см |
| Организация и экземпляр, к которому относится поле |
NLR: 18.168.2.77 |
| 325 ## - ПРИМЕЧАНИЕ О КОПИИ |
| Текст примечания |
Копия доступна в Электрон. б-ке РНБ |
| 517 0# - ДРУГИЕ ВАРИАНТЫ ЗАГЛАВИЯ |
| Вариант заглавия |
Опасное любопытство |
| 620 ## - МЕСТО И ДАТА ПУБЛИКАЦИИ, ИСПОЛНЕНИЯ И Т. Д. |
| Страна |
Санкт-Петербург |
| 700 #1 - ИМЯ ЛИЦА - ПЕРВИЧНАЯ ОТВЕТСТВЕННОСТЬ |
| Начальный элемент ввода |
Яковлев |
| Часть имени, кроме начального элемента ввода |
М. А. |
| Даты |
1798-1858 |
| Расширение инициалов личного имени |
Михаил Алексеевич |
| 702 #1 - ИМЯ ЛИЦА - ВТОРИЧНАЯ ОТВЕТСТВЕННОСТЬ |
| Начальный элемент ввода |
Край |
| Часть имени, кроме начального элемента ввода |
К. |
| Дополнения к именам, кроме дат |
издатель |
| Даты |
1773-1832 |
| Расширение инициалов личного имени |
Карл |
| Идентификатор авторитетной/нормативной записи |
RU\NLR\AUTH\770216581 |
| Код отношения |
Печатник (типограф) |
| 702 #1 - ИМЯ ЛИЦА - ВТОРИЧНАЯ ОТВЕТСТВЕННОСТЬ |
| Начальный элемент ввода |
Соц |
| Часть имени, кроме начального элемента ввода |
В. И. |
| Даты |
1788-1841 |
| Расширение инициалов личного имени |
Василий Иванович |
| Идентификатор авторитетной/нормативной записи |
RU\NLR\AUTH\770227517 |
| Код отношения |
Цензор |
| 712 00 - НАИМЕНОВАНИЕ ОРГАНИЗАЦИИ - ВТОРИЧНАЯ ОТВЕТСТВЕННОСТЬ |
| Начальный элемент ввода |
Край, |
| Инверсированный элемент |
Карл, |
| Часть наименования, отличная от начального элемента ввода и от инверсированного элемента |
типография |
| Идентифицирующий признак |
Петербург |
| Идентификатор авторитетной/нормативной записи |
RU\NLR\AUTH\8810039174 |
| Код отношения |
Печатник (типограф) |
| 801 #0 - ИСТОЧНИК ЗАПИСИ |
| Страна |
Российская Федерация |
| Организация |
NLR |
| Правила каталогизации |
psbo |
| 801 #1 - ИСТОЧНИК ЗАПИСИ |
| Страна |
Российская Федерация |
| Организация |
ProSoft-M |
| Источник данных |
rusmarc |
| 852 ## - МЕСТОНАХОЖДЕНИЕ И ШИФР ХРАНЕНИЯ |
| Идентификатор организации |
NLR |
| Шифр хранения (Call Number) |
18.168.2.77 |
| 852 ## - МЕСТОНАХОЖДЕНИЕ И ШИФР ХРАНЕНИЯ |
| Идентификатор организации |
NLR |
| Шифр хранения (Call Number) |
19.113а.5.568 |
| 852 ## - МЕСТОНАХОЖДЕНИЕ И ШИФР ХРАНЕНИЯ |
| Идентификатор организации |
NLR |
| Наименование фонда или коллекции (Sub-Location Identifier) |
РЗФ |
| Шифр хранения (Call Number) |
18 в. 1/280 |
| 856 #0 - МЕСТОНАХОЖДЕНИЕ ЭЛЕКТРОННЫХ РЕСУРОВ И ДОСТУП К НИМ |
| Универсальный идентификатор ресурса (Uniform Resource Identifier) |
https://vivaldi.nlr.ru/bx000026396/view |
| 856 #1 - МЕСТОНАХОЖДЕНИЕ ЭЛЕКТРОННЫХ РЕСУРОВ И ДОСТУП К НИМ |
| Универсальный идентификатор ресурса (Uniform Resource Identifier) |
https://vivaldi.nlr.ru/bx000026396/cover |
| 856 #2 - МЕСТОНАХОЖДЕНИЕ ЭЛЕКТРОННЫХ РЕСУРОВ И ДОСТУП К НИМ |
| Универсальный идентификатор ресурса (Uniform Resource Identifier) |
https://vivaldi.nlr.ru/bx000026396/text |
| 942 ## - ДОПОЛНИТЕЛЬНЫЕ ЭЛЕМЕНТЫ ЗАПИСИ (АБИС) |
| Тип экземпляра АБИС |
Книга |
| 980 3# - КОЛЛЕКЦИЯ |
| Название коллекции |
КП2021 Первая четверть 19 в. |
| 980 3# - КОЛЛЕКЦИЯ |
| Название коллекции |
КП2021 Книжные памятники 2021 г. |
| 980 3# - КОЛЛЕКЦИЯ |
| Название коллекции |
Книжные памятники РНБ |
| 980 ## - КОЛЛЕКЦИЯ |
| Название коллекции |
Национальная библиография |
| 981 33 - КОЛЛЕКЦИЯ ЭЛЕКТРОННОЙ БИБЛИОТЕКИ |
| Название коллекции |
Художественная литература |
| Название подколлекции |
Зарубежная литература |
| 981 20 - КОЛЛЕКЦИЯ ЭЛЕКТРОННОЙ БИБЛИОТЕКИ |
| Название коллекции |
Книжные памятники РНБ |
| Название подколлекции |
Русский книжный фонд |